Filipino (tagalog) : (Record no. 114809)
[ view plain ]
| 000 -LEADER | |
|---|---|
| fixed length control field | 00345nam a2200109 a 4500 |
| 005 - DATE AND TIME OF LATEST TRANSACTION | |
| control field | 20140414132113.0 |
| 008 - FIXED-LENGTH DATA ELEMENTS--GENERAL INFORMATION | |
| fixed length control field | 110805s19uu xx 00 eng d |
| 050 ## - LIBRARY OF CONGRESS CALL NUMBER | |
| Classification number | REF 413 |
| Item number | So8 2008 |
| 245 ## - TITLE STATEMENT | |
| Title | Filipino (tagalog) : |
| Remainder of title | phrase book & dictionary / |
| Statement of responsibility, etc | The world's best-selling phrase books. |
| 260 ## - PUBLICATION, DISTRIBUTION, ETC. (IMPRINT) | |
| Place of publication, distribution, etc | Singapore : |
| Name of publisher, distributor, etc | Berlits, |
| Date of publication, distribution, etc | 2008. |
| Withdrawn status | Lost status | Damaged status | Home library | Current library | Shelving location | Date acquired | Source of acquisition | Total Checkouts | Full call number | Barcode | Date last seen | Price effective from | Koha item type |
|---|---|---|---|---|---|---|---|---|---|---|---|---|---|
| Munich Library | Munich Library | Reference Section | 08/05/2011 | REF 413 So8 2008 | M6710 | 04/14/2014 | 04/14/2014 | Books |